Statistics for The Top 100 Billboard Hot Songs In 2010's

Click here to take the quiz!

General Stats

  • This quiz has been taken 40 times
  • The average score is 50 of 100

Answer Stats

The ArtistThe Song% Correct
13Carly Rae JepsenCall Me Maybe
94%
3Ed SheeranShape Of You
94%
7Lil Nas XOld Town Road
92%
4The ChainsmokersCloser
86%
21Pharrell WilliamsHappy
86%
52AdeleHello
83%
1Bruno MarsUptown Funk
83%
9Luis FonsiDespacito
81%
10AdeleRolling In The Deep
81%
27MacklemoreThrift Shop
81%
2LMFAOParty Rock Anthem
78%
8GotyeSomebody That I Used To Know
78%
32John LegendAll Of Me
75%
18LordeRoyals
75%
53RihannaWork
75%
59Camila CabelloHavana
72%
15Ed SheeranPerfect
72%
25Wiz KhalifaSee You Again
72%
24Ke$haTik Tok
72%
17Meghan TrainorAll About That Bass
69%
77Maroon 5Payphone
69%
73Katy PerryRoar
69%
99Miley CyrusWrecking Ball
69%
14Robin ThickeBlurred Lines
67%
54Bruno MarsGrenade
67%
74MAGIC!Rude
67%
12HalseyWithout Me
64%
61Billie EilishBad Guy
61%
39OneRepublicCounting Stars
61%
50Taio CruzDynamite
61%
43Katy PerryFirework
61%
5Maroon 5Girls Like You
61%
48Justin BieberSorry
61%
37LMFAOSexy And I Know It
58%
16Travis ScottSicko Mode
58%
78B.o.BAirplanes
56%
65Taylor SwiftBlank Space
56%
49Katy PerryCalifornia Gurls
56%
19DrakeGods Plan
56%
33MarshmelloHappier
56%
91HozierTake Me To Church
56%
69Ariana Grande7 Rings
53%
63The WeekndCant Feel My Face
53%
26Katy PerryDark Horse
53%
36Imagine DragonsRadioactive
53%
76Maroon 5Sugar
53%
11Swae LeeSunflower
53%
71MacklemoreCant Hold Us
50%
66SIACheap Thrills
50%
56Cardi BI Like It
50%
96DesiignerPanda
50%
23Post MaloneRockstar
50%
90PitbullTimber
50%
57AviciiWake Me Up
50%
29fun.We Are Young
50%
80Cardi BBodak Yellow
47%
83OMICheerleader
47%
22Bruno MarsJust The Way You Are
47%
92DrakeHotline Bling
44%
46EminemLove The Way You Lie
44%
42Justin BieberLove Yourself
44%
84Lady GagaBad Romance
42%
62Iggy AzaleaFancy
42%
20Maroon 5Moves Like Jagger
42%
75Ariana GrandeThank U, Next
39%
31The WeekndThe Hills
39%
86Justin BieberWhat Do You Mean
39%
82Justn TimberlakeCant Stop The Feeling
36%
95CeeLo GreenFuck You
36%
67fun.Some Nights
36%
38AdeleSomeone Like You
36%
88Jonas BrothersSucker
36%
47Ed SheeranThinking Out Loud
36%
44PitbullGive Me Everything
33%
93twenty one pilotsHeathens
33%
55TrainHey, Soul Sister
33%
45Bruno MarsLocked Out Of Heaven
33%
51Juice WrldLucid Dreams
33%
81SilentoWatch Me
33%
6RihannaWe Found Love
33%
72Post MaloneBetter Now
31%
98DrakeIn My Feelings
31%
85Kelly ClarksonStronger
31%
40Katy PerryE.T.
28%
94Nicki MinajSuper Bass
28%
30Bruno MarsThats What I Like
28%
70Sam SmithStay With Me
25%
58The ChainsmokersDont Let Me Down
22%
100The LumineersHo Hey
22%
68Lady AntebellumNeed You Now
22%
60UsherOMG
22%
35DrakeOne Dance
22%
97Taio CruzBreak Your Heart
19%
87DrakeNice For What
17%
28Maroon 5One More Night
17%
41Fetty WapTrap Queen
17%
64Post MaloneWow.
14%
79Post MalonePsycho
8%
89Bebe RexhaMeant To Be
6%
34Taylor SwiftShake If Off
0%

Score Distribution

Percentile by Number Answered

Percent of People with Each Score

Your Score History

You have not taken this quiz